Las migraciones a debate : (Record no. 107047)
[ view plain ]
| 000 -CABECERA | |
|---|---|
| campo de control de longitud fija | 00763nam a2200217 a 4500 |
| 005 - FECHA Y HORA DE LA ÚLTIMA TRANSACCIÓN | |
| campo de control | 20230417115201.0 |
| 008 - ELEMENTOS DE LONGITUD FIJA--INFORMACIÓN GENERAL | |
| campo de control de longitud fija | 040928s2002 es r 000 0 spa d |
| 020 ## - NÚMERO INTERNACIONAL NORMALIZADO PARA LIBROS | |
| Número Internacional Estándar del Libro | 8474265762 |
| 035 ## - NÚMERO DE CONTROL DEL SISTEMA | |
| Número de control de sistema | UPN01000134896 |
| 049 ## - COLECCIÓN | |
| Colección | CG |
| 050 #4 - SIGNATURA TOPOGRÁFICA DE LA BIBLIOTECA DEL CONGRESO | |
| Número de clasificación | JV8252 |
| Número de documento/Ítem | M5.4 |
| 245 04 - MENCIÓN DE TÍTULO | |
| Título | Las migraciones a debate : |
| Resto del título | de las teorías a las prácticas sociales / |
| Mención de responsabilidad, etc. | ed. Rafael Checa ; Angeles Arjona ... [et al.]. |
| 260 ## - PUBLICACIÓN, DISTRIBUCIÓN, ETC. | |
| Lugar de publicación, distribución, etc. | Barcelona, Esp. : |
| Nombre del editor, distribuidor, etc. | Icaria, |
| Fecha de publicación, distribución, etc. | 2002. |
| 300 ## - DESCRIPCIÓN FÍSICA | |
| Extensión | 386 p. |
| 650 #4 - ASIENTO SECUNDARIO DE MATERIA - TERMINO TEMATICO | |
| Término de materia o nombre geográfico como elemento de entrada | INMIGRANTES - |
| Subdivisión geográfica | ESPAÑA - |
| Subdivisión general | CONDICIONES SOCIALES |
| 9 (RLIN) | 14279 |
| 650 #4 - ASIENTO SECUNDARIO DE MATERIA - TERMINO TEMATICO | |
| Término de materia o nombre geográfico como elemento de entrada | EDUCACION MULTICULTURAL - |
| Subdivisión geográfica | ESPAÑA |
| 9 (RLIN) | 13660 |
| 651 #2 - ASIENTO SECUNDARIO DE MATERIA - NOMBRE GEOGRAFICO | |
| Nombre geográfico | España |
| Subdivisión general | Emigración e inmigración |
| -- | Aspectos sociales |
| 9 (RLIN) | 22341 |
| 700 1# - ASIENTO SECUNDARIO--NOMBRE DE PERSONAL | |
| Nombre de persona | Checa, Francisco, |
| Término indicativo de función/relación | ed. |
| 700 1# - ASIENTO SECUNDARIO--NOMBRE DE PERSONAL | |
| Nombre de persona | Arjona, Angeles, |
| Término indicativo de función/relación | coaut. |
| 905 ## - TIPO DE MATERIAL | |
| Tipo de material | Libro |
| Estado de retiro | Estado de pérdida | Fuente del sistema de clasificación o colocación | Estado dañado | No para préstamo | Código de colección | Localización permanente | Ubicación/localización actual | Ubicación en estantería | Total de préstamos | Clasificación | Código de barras | Fecha visto por última vez | Número de copia | Tipo de ítem Koha |
|---|---|---|---|---|---|---|---|---|---|---|---|---|---|---|
| Library of Congress Classification | Colección General | Bib. Gregorio Torres Quintero | Bib. Gregorio Torres Quintero | Planta baja | 5 | JV8252 M5.4 | 211380 | 31/12/2020 | 1 | Libro |
